| 000 | 00928nas a2200253 i 4500 | ||
|---|---|---|---|
| 003 | DO-SdBNP | ||
| 005 | 20250612101851.0 | ||
| 007 | ta | ||
| 008 | 250612e2025 dr au p|ry || | spa d | ||
| 040 |
_aDO-SdUA _bspa _aDO-SdUA _cDO-SdBNP _dDO-SdBNP _erda |
||
| 041 | 0 | _aspa | |
| 110 | 2 |
_aFundación Juan Bosch _984953 |
|
| 245 | 1 | 0 |
_aAnuario Fundación Juan Bosch 2024 / _cFundación Juan Bosch. |
| 264 |
_aSanto Domingo, República Dominicana : _bFundación Juan Bosch, _c2025. |
||
| 300 |
_avolumen : _bilustraciones, fotografías ; _c21.5 cm. |
||
| 310 | _aAnual. | ||
| 336 |
_atexto _btxt _2rdacontent |
||
| 337 |
_asin mediación _bn _2rdamedia |
||
| 338 |
_avolumen _bnc _2rdacarrier |
||
| 362 | _a2025. | ||
| 500 | _aJuan Bosch: el dominicano universal en el aniversario 115 de su natalicio. | ||
| 610 | 2 | 0 |
_aFundación Juan Bosch _vAnuario _vPublicaciones periódicas _984953 _zRepública Dominicana |
| 942 |
_2ddc _cISSUE |
||
| 999 |
_c59247 _d59247 |
||